Responses for show #2911 - Monday, April 7, 1997

Contestants

Linda Triegel, a writer and editor from Palm, Pennsylvania

Rod Jackson, a high school history teacher from Jacksonville, Florida

Steve Cook, a medical student from San Mateo, California (whose 2-day cash winnings total $25,800)

Jeopardy! Round responses

STATE BIRDS
RHYME TIME
THE MEXICAN PESO
SONG LYRICS
APPETIZERS
SYSTEMS OF THE BODY
(Alex: I will give you a number of parts and you have to identify the system that these parts belong to.)
    $100 16
the robin

Steve
    $100 26
a stocky jockey

Steve
    $100 21
1 dollar

Steve
    $100 6
"Yesterday"

Steve
    $100 11
hors d'oeuvre

Steve
    $100 1
circulatory

Steve
    $200 17
the loon

Linda
    $200 27
a book nook

Rod
    $200 22
(Steve: What is copper?)
(Rod: What is silver?)
(Linda: Oh, I was going to say "What is silver?")

gold

SteveRodLinda
Triple Stumper
    $200 7
"Singin' In The Rain"

Linda
    $200 12
pita bread

Steve
    $200 2
digestive

Linda
    $300 18
the pheasant

Steve
    $300 30
(Linda: What is a, um?)

a brassy lassie (or a sassy lassie)

SteveLinda
    $300 23
(Steve: What is a peseta?)
...
(Alex: Pesetas are in Spain.)

centavos

SteveRod
    $300 8
"Dancing In The Dark"

Rod
    $300 13
melon

Steve
    $300 3
respiratory

Steve
    $400 19
the pelican

Linda
    $400 29
a fudge smudge

Steve
    $400 24
(Alex: ...we have less than a minute to go, Rod...)

nuevo (new) peso

Triple Stumper
    $400 9
"Margaritaville"

Rod
    $400 14
crudites

Linda
    $400 4
nervous

Rod
    $600 20
the roadrunner

Linda
    $500 28
a tribe scribe

Triple Stumper
    $500 25
(Rod: Who was Franz Ferdinand?)

Maximilian

RodLinda
    $500 10
"Isn't It Ironic"

Steve
    $500 15
(Alex: You've been eating out a lot!)

Thailand

Steve
    $500 5
endocrine

Steve

Scores at the first commercial break (after clue 15):

Steve Rod Linda
$2,600 $1,100 $800

Scores at the end of the Jeopardy! Round:

Steve Rod Linda
$3,400 $900 $2,000

Double Jeopardy! Round responses

FIRST LADIES
THE SILVER SCREEN
AROUND THE WORLD
PHOTOGRAPHY
GASES
AMERICAN LITERATURE
    $200 1
Rosalynn Carter

Rod
    $200 6
Forrest Gump

Rod
    $200 11
New Delhi

Steve
    $200 22
Playboy

Steve
    $200 16
(Steve: What is ether?)

nitrous oxide (laughing gas)

SteveLinda
    $200 17
Hiawatha

Steve
    $400 2
Jacqueline Kennedy Onassis

Rod
    $400 7
The Exorcist

Steve
    $400 12
South Africa

Steve
    $400 23
filters

Steve
    $400 18
carbon monoxide

Steve
    $400 30
Edgar Allan Poe

Triple Stumper
    $600 3
Edith Wilson

Steve
    $600 8
Mr. Smith Goes to Washington

Steve
    $600 13
the Strait of Magellan

Rod
    $600 24
the aperture

Steve
    $600 19
helium

Steve
    $600 29
Call of the Wild

Steve
    $800 4
(Steve: Who was Harding?)
(Linda: Who was Taft?)

William McKinley

SteveLinda
Triple Stumper
    $800 9
Donald Sutherland

Steve
    $800 14
Lake Titicaca

Steve
    $800 25
(Alex: ...less than a minute to go...)

Rene Magritte

Steve
    $1,400 20
ozone

Steve
    $800 28
Robert Heinlein

Linda
    $1000 5
Lou Henry Hoover

Rod
    $1000 10
Sayonara

Linda
    $1000 15
Tintern Abbey

Steve
    $1000 26
Alfred Stieglitz

Rod
    $1000 21
(Steve: What is sulfur?)

methane

Steve
Triple Stumper
    $1000 27
Tortilla Flat

Triple Stumper

Scores at the end of the Double Jeopardy! Round:

Steve Rod Linda
$11,400 $4,300 $3,200
(lock game)

[wagering suggestions for these scores]

Final Jeopardy! Round responses

GERMAN OPERA
LindaWho is Parsifal?
$3,199
RodWho is Wolfgang
$2,100
SteveWho is Siegfried?
$2,799
Lohengrin

Final scores:

Steve Rod Linda
$8,601 $2,200 $1
3-day champion: $34,401 2nd place: Bassett Bedroom Suite Furniture & DuPont Comforel Bedding Products 3rd place: Amana Freestanding Smoothtop Range

Game dynamics:

Coryat scores:

Steve Rod Linda
$10,800 $4,300 $3,100
32 R
(including 2 DDs),
5 W
11 R,
2 W
10 R
(including 1 DD),
3 W

Combined Coryat: $18,200

The J! Archive is created by fans, for fans. The Jeopardy! game show and all elements thereof, including but not limited to copyright and trademark thereto, are the property of Jeopardy Productions, Inc. and are protected under law. This website is not affiliated with, sponsored by, or operated by Jeopardy Productions, Inc. Join the discussion at JBoard.tv.